Statistiken für Quiz: Erfindungen #1

Klicken Sie hier um das Quiz zu spielen!

Allgemein

  • Dieses Quiz wurde 91 mal gespielt
  • Das Durchschnittsergebnis liegt bei 4 aus 13

Antwortstatistiken

ErfinderErfindung% Korrekt
Johannes GutenbergBuchdruck mit beweglichen Metalllettern
91%
Levi StraussJeans
81%
Wilhelm Conrad RöntgenX-Strahlen
67%
Hans RiegelGummibärchen
53%
Louis BrailleBrailleschrift
48%
Dmitri Mendelejew / Lothar MeyerPeriodensystem
33%
Otto von GuerickeKolbenvakuumluftpumpe
11%
Oskar Barnack35-mm-Kleinbildkamera
2%
Jan van der HeydenFeuerwehrschlauch
2%
David WarrenFlugschreiber
2%
Peter DurandKonservendose
1%
Hennig BrandPhosphor
1%
Hans BeckPlaymobil
1%

Verteilung der Resultate

Perzentil nach korrekt beantworteten Fragen

Anzahl Personen mit jedem Resultat

Ihre Resultats-Entwicklung

Sie haben dieses Quiz noch nicht gespielt